| 000 | 00650nam a2200217Ia 4500 | ||
|---|---|---|---|
| 003 | GCL | ||
| 008 | 140319s9999 xx 000 0 ara d | ||
| 040 |
_aGCL / _cGCL |
||
| 082 | 0 | 4 |
_a962.074 _bف ن |
| 245 | 1 | 0 | _aنيران اكتوبر |
| 300 | _a198 ص | ||
| 490 |
_aادب الحرب _v0 |
||
| 650 | 0 | 4 | _aالادب العربى |
| 650 | 0 | 4 | _aالقصص العربية |
| 650 | 0 | 4 | _aالطائرات |
| 650 | 0 | 4 | _aالمعارك الجوية |
| 650 | 0 | 4 | _aالادب العربى - العصر الحديث |
| 650 | 0 | 4 | _aحرب اكتوبر 1973 |
| 650 | 0 | 4 | _aمصر - تاريخ - العصر الحديث (1805 - 1956 ) |
| 942 |
_2ddc _cBK |
||
| 999 |
_c37999 _d37999 |
||